<?xml version="1.0" encoding="UTF-8"?>
<collection xmlns="http://www.loc.gov/MARC21/slim">
 <record>
  <leader>01555pam a22002778a 4500</leader>
  <controlfield tag="001">00041487</controlfield>
  <controlfield tag="005">20180508080529.0</controlfield>
  <controlfield tag="008">161118s2015                  ||||||Viesd</controlfield>
  <datafield tag="020" ind1="#" ind2="#">
   <subfield code="a">9786045434451</subfield>
   <subfield code="c">53000</subfield>
  </datafield>
  <datafield tag="041" ind1="0" ind2="#">
   <subfield code="a">Vie</subfield>
  </datafield>
  <datafield tag="082" ind1="1" ind2="4">
   <subfield code="a">371.260 71</subfield>
   <subfield code="b">GI108TR</subfield>
  </datafield>
  <datafield tag="100" ind1="1" ind2="#">
   <subfield code="a">Nguyễn, Công Khanh</subfield>
   <subfield code="e">Chủ biên</subfield>
  </datafield>
  <datafield tag="245" ind1="1" ind2="0">
   <subfield code="a">Giáo trình kiểm tra đánh giá trong giáo dục</subfield>
   <subfield code="c">Nguyễn Công Khanh; Đào Thị Oanh</subfield>
  </datafield>
  <datafield tag="260" ind1="#" ind2="#">
   <subfield code="a">Tp. HCM</subfield>
   <subfield code="b">Đại Học Sư phạm</subfield>
   <subfield code="c">2017</subfield>
  </datafield>
  <datafield tag="300" ind1="#" ind2="#">
   <subfield code="a">280 tr.</subfield>
   <subfield code="c">21 cm</subfield>
  </datafield>
  <datafield tag="653" ind1="#" ind2="#">
   <subfield code="a">Giáo dục</subfield>
  </datafield>
  <datafield tag="653" ind1="#" ind2="#">
   <subfield code="a">Giáo trình</subfield>
  </datafield>
  <datafield tag="653" ind1="#" ind2="#">
   <subfield code="a">Quy trình</subfield>
  </datafield>
  <datafield tag="653" ind1="#" ind2="#">
   <subfield code="a">Kiểm tra đánh giá</subfield>
  </datafield>
  <datafield tag="653" ind1="#" ind2="#">
   <subfield code="a">Học sinh</subfield>
  </datafield>
  <datafield tag="700" ind1="1" ind2="#">
   <subfield code="a">Đào, Thị Oanh</subfield>
  </datafield>
  <datafield tag="852" ind1="#" ind2="#">
   <subfield code="j">KGT.0053912</subfield>
   <subfield code="j">KGT.0053913</subfield>
   <subfield code="j">KGT.0053914</subfield>
   <subfield code="j">KGT.0053915</subfield>
   <subfield code="j">KGT.0053916</subfield>
   <subfield code="j">KGT.0053917</subfield>
   <subfield code="j">KGT.0053918</subfield>
   <subfield code="j">KGT.0053919</subfield>
   <subfield code="j">KGT.0053920</subfield>
   <subfield code="j">KGT.0053921</subfield>
   <subfield code="j">KGT.0053922</subfield>
   <subfield code="j">KGT.0053923</subfield>
   <subfield code="j">KGT.0053924</subfield>
   <subfield code="j">KGT.0053925</subfield>
   <subfield code="j">KGT.0053926</subfield>
   <subfield code="j">KGT.0053927</subfield>
   <subfield code="j">KGT.0053928</subfield>
   <subfield code="j">KGT.0053929</subfield>
   <subfield code="j">KGT.0053930</subfield>
   <subfield code="j">KGT.0053931</subfield>
   <subfield code="j">KGT.0053932</subfield>
   <subfield code="j">KGT.0053933</subfield>
   <subfield code="j">KGT.0053934</subfield>
   <subfield code="j">KGT.0053935</subfield>
   <subfield code="j">KGT.0053936</subfield>
   <subfield code="j">KGT.0053937</subfield>
   <subfield code="j">KGT.0053938</subfield>
   <subfield code="j">KGT.0053939</subfield>
   <subfield code="j">KGT.0053940</subfield>
   <subfield code="j">KGT.0053941</subfield>
   <subfield code="j">KGT.0053942</subfield>
   <subfield code="j">KGT.0053943</subfield>
   <subfield code="j">KGT.0053944</subfield>
   <subfield code="j">KGT.0053945</subfield>
   <subfield code="j">KGT.0053946</subfield>
   <subfield code="j">KGT.0053947</subfield>
   <subfield code="j">KGT.0053948</subfield>
   <subfield code="j">KGT.0053949</subfield>
   <subfield code="j">KGT.0053950</subfield>
   <subfield code="j">KGT.0053951</subfield>
   <subfield code="j">KGT.0053952</subfield>
   <subfield code="j">KGT.0053953</subfield>
   <subfield code="j">KGT.0053954</subfield>
   <subfield code="j">KGT.0053955</subfield>
   <subfield code="j">KGT.0053956</subfield>
   <subfield code="j">KGT.0053957</subfield>
   <subfield code="j">KGT.0053958</subfield>
   <subfield code="j">KGT.0053959</subfield>
   <subfield code="j">KGT.0053960</subfield>
   <subfield code="j">KD.0023285</subfield>
  </datafield>
  <datafield tag="852" ind1="#" ind2="#">
   <subfield code="b">Kho đọc</subfield>
   <subfield code="j">KD.0018689</subfield>
  </datafield>
  <datafield tag="852" ind1="#" ind2="#">
   <subfield code="b">Kho mượn</subfield>
   <subfield code="j">KM.0020459</subfield>
  </datafield>
  <datafield tag="910" ind1=" " ind2=" ">
   <subfield code="d">08/05/2018</subfield>
  </datafield>
  <datafield tag="980" ind1="#" ind2="#">
   <subfield code="a">Trung tâm Học liệu Lê Vũ Hùng, Trường Đại học Đồng Tháp</subfield>
  </datafield>
 </record>
</collection>
